Automatic tuning for high frequency continuous-time bandpass filters /

A novel automatic tuning scheme for continuous-time bandpass filters is presented. It is based on gain comparison at three different frequencies. The tuning scheme incorporates a PLL-based frequency synthesizer which generates the required references, a peak detector, two switched-capacitor integrat...

Full description

Bibliographic Details
Main Author: Liu, Hengsheng
Format: Thesis Book
Language:English
Published: [Place of publication not identified] : [publisher not identified] ; 2002.
Subjects:
Online Access:http://proxy.library.tamu.edu/login?url=http://proquest.umi.com/pqdweb?did=765069881&sid=1&Fmt=2&clientId=2945&RQT=309&VName=PQD

MARC

Tag First Indicator Second Indicator Subfields
LEADER 00000ctm a2200000Ka 4500
001 in00001762921
005 20190325110258.0
008 030808s2002 xx a b 000 0 eng d
035 |a (OCoLC)ocm52817177 
037 |a 30-72493  |b UMI 
040 |a TXA  |c TXA  |d UtOrBLW 
049 |a TXAM  |a TXAR 
099 |a 2002  |a Dissertation  |a L591 
100 1 |a Liu, Hengsheng. 
245 1 0 |a Automatic tuning for high frequency continuous-time bandpass filters /  |c by Hengsheng Liu. 
264 1 |a [Place of publication not identified] :  |b [publisher not identified] ;  |c 2002. 
300 |a xi, 139 leaves :  |b illustrations ;  |c 28 cm. 
336 |a text  |b txt  |2 rdacontent 
337 |a unmediated  |b n  |2 rdamedia 
338 |a volume  |b nc  |2 rdacarrier 
502 |b Ph. D.  |c Texas A&M University  |d 2002. 
504 |a Includes bibliographical references (leaves 132-138). 
500 |a Vita. 
500 |a "Major Subject: Electrical Engineering". 
530 |a Issued also on microfiche from University Microfilm Inc. 
520 |a A novel automatic tuning scheme for continuous-time bandpass filters is presented. It is based on gain comparison at three different frequencies. The tuning scheme incorporates a PLL-based frequency synthesizer which generates the required references, a peak detector, two switched-capacitor integrators which conduct gain comparison and generate frequency and quality factor tuning voltages, and a state machine to generate synchronous clocks for all the building blocks in the tuning circuitry. Q-factor is digitally set through the frequency divider of the frequency synthesizer. The tuning scheme does not rely on the assumption that Q is equal to the filter's passband gain. The tuning scheme is robust and can also be applied to filters in which the Q-factor is not a known function of the passband gain. The tuning scheme has a significant advantage over previously published tuning schemes for high-frequency, high-Q filters. It has a small silicon area overhead, small power consumption, and very good frequency and Q-tuning accuracy. Theoretical analysis and experimental results are provided. A second-order transconductance-C biquadratic filter is designed to demonstrate the proposed tuning circuitry. The test chip is fabricated in AMI 0.5[]m CMOS process. The measured results show the frequency error is 0.25%, Q error is 3% for a 200 MHz filter with a desired Q of 28.6. Other results such as the filter's dynamic range, noise performance and intermodulation are also presented. In addition, a design of a 2 GHz active LC filter tuning circuitry and its simulation results are provided. 
650 4 |a Major electrical engineering. 
856 4 1 |u http://proxy.library.tamu.edu/login?url=http://proquest.umi.com/pqdweb?did=765069881&sid=1&Fmt=2&clientId=2945&RQT=309&VName=PQD  |t 0 
948 |a cataloged  |b h  |c 2003/8/8  |d c  |e eneff  |f 1:30:31 pm 
994 |a E0  |b TXA 
999 |a MARS 
999 f f |s 75e2c3ed-d4f7-3653-9310-ea940501d1e2  |i 7ff9d5f2-aeda-3fdc-869f-781322665948  |t 0 
952 f f |p noncirc  |a Texas A&M University  |b College Station  |c Cushing Memorial Library & Archives  |s cush tdrm  |d Cushing: Theses & Dissertations Microforms (Does not check out)  |t 0  |e 2002 Dissertation L591  |h Other scheme  |i unmediated -- volume 
952 f f |a Texas A&M University  |b College Station  |c Electronic Resources  |s www_evans  |d Available Online  |t 0  |e 2002 Dissertation L591  |h Other scheme 
998 f f |a 2002 Dissertation L591  |t 0  |l Cushing: Theses & Dissertations Microforms (Does not check out) 
998 f f |a 2002 Dissertation L591  |t 0  |l Available Online